PENAWAR BAGI HATI / (Record no. 203793)

MARC details
000 -LEADER
fixed length control field 01683nam a2200409 i 4500
003 - CONTROL NUMBER IDENTIFIER
control field OSt
005 - DATE AND TIME OF LATEST TRANSACTION
control field 20260409174033.0
008 - FIXED-LENGTH DATA ELEMENTS--GENERAL INFORMATION
fixed length control field 260409t20252025my o gr 000 0 may d
020 ## - INTERNATIONAL STANDARD BOOK NUMBER
International Standard Book Number 9786294931435
Qualifying information paperback
Terms of availability RM 38.00
040 ## - CATALOGING SOURCE
Original cataloging agency PPAK
Language of cataloging eng
Transcribing agency PPAK
Description conventions rda
082 04 - DEWEY DECIMAL CLASSIFICATION NUMBER
Classification number 297.4
Edition number 23
090 00 - LOCALLY ASSIGNED LC-TYPE CALL NUMBER (OCLC); LOCAL CALL NUMBER (RLIN)
Classification number (OCLC) (R) ; Classification number, CALL (RLIN) (NR) 297.4
Feature heading ABD
Feature heading G
100 0# - MAIN ENTRY--PERSONAL NAME
Personal name Abdul Qadir Abdul Muttalib,
Titles and words associated with a name Syeikh,
Dates associated with a name 1910-1965,
Relator term author.
245 10 - TITLE STATEMENT
Linkage 880-01
Title PENAWAR BAGI HATI /
Statement of responsibility, etc. SYEIKH ABDUL QADIR BIN ABDUL MUTHALIB AL-MANDILI ; PENTAHQIQ DATO' DR. ABDUL BASIT HJ. ABDUL RAHMAN ; Penterjemah: Zalika bt Adam, Hakim Rosly ; Penyunting: Nurul Husna Yaakup, Ahmad Haziq Paisan
250 ## - EDITION STATEMENT
Edition statement Edisi Kemas Kini
264 #1 - PRODUCTION, PUBLICATION, DISTRIBUTION, MANUFACTURE, AND COPYRIGHT NOTICE
Place of production, publication, distribution, manufacture Batu Caves, Selangor :
Name of producer, publisher, distributor, manufacturer PTS PUBLISHING HOUSE SENDIRIAN BERHAD,
Date of production, publication, distribution, manufacture, or copyright notice 2025
Date of production, publication, distribution, manufacture, or copyright notice ©2025
300 ## - PHYSICAL DESCRIPTION
Extent xxvii, 481 pages :
Other physical details photographs ;
Dimensions 23 cm
336 ## - CONTENT TYPE
Content type term text
Source rdacontent
Content type term still image
Source rdacontent
337 ## - MEDIA TYPE
Media type term unmediated
Source rdamedia
338 ## - CARRIER TYPE
Carrier type term volume
Source rdacarrier
500 ## - GENERAL NOTE
General note Contains verses from the Qur'an and quotes from the Hadith
504 ## - BIBLIOGRAPHY, ETC. NOTE
Bibliography, etc. note Bibliography: pages 293-302
546 ## - LANGUAGE NOTE
Language note Text in Jawi script.
650 10 - SUBJECT ADDED ENTRY--TOPICAL TERM
Topical term or geographic name entry element Sufism.
Topical term or geographic name entry element Religious life
General subdivision Islam.
Topical term or geographic name entry element Muslims
General subdivision Conduct of life.
Topical term or geographic name entry element Sufism
General subdivision Doctrines.
700 0# - ADDED ENTRY--PERSONAL NAME
Personal name Abdul Basit Abdul Rahman,
Titles and other words associated with a name Dato', Dr.,
Dates associated with a name 1965-,
Relator term editor.
Personal name Zalika Adam,
Relator term translator.
Personal name Hakim Rosly,
Relator term translator.
Personal name Nurul Husna Yaakup,
Relator term editor.
Personal name Ahmad Haziq Paisan,
Relator term editor.
880 10 - ALTERNATE GRAPHIC REPRESENTATION
Linkage 245-01 r
a ڤناور باݢي هاتي / شيخ عبد القدير بن عبد المطلب المنديلي
942 ## - ADDED ENTRY ELEMENTS (KOHA)
Source of classification or shelving scheme Dewey Decimal Classification
Koha item type Book
Holdings
Withdrawn Not for loan Current library Shelving location Date acquired Total Checkouts Full call number Barcode Date last seen Koha item type
    Perpustakaan Alor Setar Pinjaman Dewasa 19/04/2026   297.4 ABD A01900887 19/04/2026 Book
    Perpustakaan Awam Sungai Petani Pinjaman Dewasa 19/04/2026   297.4 ABD A01900888 19/04/2026 Book
    Perpustakaan Bandar Baharu Pinjaman Dewasa 19/04/2026   297.4 ABD A01900893 19/04/2026 Book
    Perpustakaan Kulim Pinjaman Dewasa 19/04/2026   297.4 ABD A01900891 19/04/2026 Book